000 00507nam a2200181Ia 4500
008 230714s9999 xx 000 0 und d
020 _a9790000000000
041 _aeng
082 _a620.11
_bKOD
100 _aKodgire V.D.
245 _aMaterial Science And Metallurgy For Engineers
250 _a46th ed.
260 _c2021
_bEverest Publishing House
300 _a764
365 _cRs.
_b525.00
700 _aKodgire V.D. & Kodgire S.V.
906 _dO:0773924-Dec-2022B:16821-Dec-2022
_cSM
_b1312.5
999 _c228791
_d228791